Formula 1: Drivers with Most Points in One Season 2003-2009 - Statistics

General Stats
  • This quiz has been taken 1,478 times
    1,162 since last reset
  • The average score is 19 of 20
Answer Stats
Points Driver Year Team % Correct
134 Fernando Alonso 2006 Renault
99%
133 Fernando Alonso 2005 Renault
99%
109 Fernando Alonso 2007 McLaren
99%
109 Lewis Hamilton 2007 McLaren
99%
98 Lewis Hamilton 2008 McLaren
99%
148 Michael Schumacher 2004 Ferrari
99%
121 Michael Schumacher 2006 Ferrari
99%
93 Michael Schumacher 2003 Ferrari
99%
95 Jenson Button 2009 Brawn
98%
85 Jenson Button 2004 Honda
98%
112 Kimi Räikkönen 2005 McLaren
97%
110 Kimi Räikkönen 2007 Ferrari
97%
84 Sebastian Vettel 2009 Red Bull
97%
97 Felipe Massa 2008 Ferrari
93%
94 Felipe Massa 2007 Ferrari
93%
80 Felipe Massa 2006 Ferrari
93%
114 Rubens Barrichello 2004 Ferrari
92%
77 Rubens Barrichello 2009 Brawn
92%
91 Kimi Räikkönen 2003 McLaren
89%
82 Juan Pablo Montoya 2003 Williams
73%
No matching quizzes found
Score Distribution
Percent of People with Each Score
Percentile by Number Answered
Your Score History
You have not taken this quiz since the last reset